Logo BPK

Biblioteka

Politechniki Koszalińskiej

Zaporożec : (Rekord nr 21945)

Szczegóły MARC
000 -ETYKIETA REKORDU
podpole kontrolne o stałej długości 00629nam a2200181 i 4500
001 - NUMER KONTROLNY REKORDU
pole kontrolne bg
040 ## - ŹRÓDŁO KATALOGOWANIA
Instytucja, która utworzyła rekord BPK
041 ## - KOD JĘZYKA
Kod języka tekstu pol
080 ## - UNIWERSALNA KLASYFIKACJA DZIESIĘTNA - UKD
UKD 629.114.6
008 - POLE O STAŁEJ DŁUGOŚCI - DANE KONTROLNE
podpole kontrolne o stałej długości s pl f |000 0 pol
100 1# - NAZWA OSOBOWA
Nazwa osobowa Fučadži, Konstantin Serafinovič.
245 10 - TYTUŁ/ODPOWIEDZIALNOŚĆ
Tytuł Zaporożec :
Ciąg dalszy tytułu budowa, eksploatacja, naprawa /
Pozostałe elementy strefy tytułu i oznaczenia odpowiedzialności Konstantin S. Fucadżi, Nikolaj N. Strjuk ; tł. [z ros.] Adam Michalski.
260 ## - STREFA ADRESU WYDAWNICZEGO
Miejsce wydania Warszawa :
Nazwa wydawcy/dystrybutora Wydawnictwa Komunikacji i Łączności,
Data publikacji, dystrybucji/powstania dokumentu 1983.
300 ## - STREFA OPISU FIZYCZNEGO
Objętość s. 309, nlb. 3 :
Inne cechy fizyczne rys., tab.
500 ## - UWAGI OGÓLNE
Tekst uwagi [Na k. tyt. aut.] : K. S. Fuczadżi, N. N. Strjuk.
700 1# - HASŁO DODATKOWE - NAZWA OSOBOWA
Nazwa osobowa Strjuk, Nikolaj Nikolaevič.
856 ## - LOKALIZACJA I DOSTĘP DO ELEKTRONICZNYCH DOKUMENTÓW ZDALNYCH
Link (URL) http://koha.tu.koszalin.pl/cgi-bin/koha/opac-detail.pl?biblionumber=21945
Tekst linku Katalog online BPK
942 ## - DODATKOWE ELEMENTY (KOHA)
Typ dokumentu Książka
Egzemplarze
Wycofany Status egzemplarza Uszkodzony Dostępność Lokalizacja stała Lokalizacja bieżąca Miejsce przechowywania Sygnatura Kod kreskowy Typ dokumentu
      Dostępny Biblioteka Politechniki Koszalińskiej Biblioteka Politechniki Koszalińskiej Wypożyczalnia BG 30833 01075618 Książka
© 2023 Biblioteka Politechniki Koszalińskiej :: KOHA